01098 a2200205 4500003000500000005001700005010001600022020001700038040000900055082001800064100002300082245008700105260005900192300003500251505037300286650003400659700002000693856008900713856009000802Nust20221130111430.0 a 86028174 a0471914347 : cNust00a621.38152,AME1 aAmerasekera, E. A.10aFailure mechanisms in semiconductor devices /cE.A. Amerasekera and D.S. Campbell. aChichester [West Sussex] ;aNew York :bWiley,cc1987. axiii, 205 p. :bill. ;c24 cm. aIntroduction (Page-1), Reliability Theory (Page-5), Failure Mechanisms (Page-12), Failure Mechanisms and Device Technologies (Page-66), Packing (Page-93), Screening (Page-105), Accelerated Testing (Page-116), Physical Failure Analysis Technology (Page-121), Reliability Prediction and Failure Modeling (Page-129), Quality Assurance (Page-135), Conclusions (Page-143).  0aTelecommunication Engineering1 aCampbell, D. S.423Publisher descriptionuhttp://www.loc.gov/catdir/enhancements/fy0607/86028174-d.html423Table of contents onlyuhttp://www.loc.gov/catdir/enhancements/fy0607/86028174-t.html